01491nam a2200265uu 4500001000800000005001700008008004100025035001200066040001300078041000800091082000800099100004400107245008300151260004300234300003400277520062800311600005900939650002700998650001501025650003201040650002501072650005701097650003201154700003901186130664720260508075211.0121121e20121121 ||||||m| spa  a1306647 ccomduadb aspa 4a53010aGutiérrez Garcés, Ricardo4auteaut10aReconstrucción de experimentos históricos en la enseñanza de la física aMedellín :b[sin publicador],c2008. a79 páginas :bilustraciones3 aLa reconstrucción de experimentos históricos en la ensenanza de la física nace d ela necesidad didáctica de acercarse a esta ciencia de una manera diferente, articulando otras áreas del conocimiento. Se retoman experimentos significativos en la historia de la física, leyendo los textos originales de Arquímedes, Galileo, Pascal, Torricellu y Faraday, reconstruyéndolos con materiales accesibles que permiten su uso en las instituciones educativas, ajustando y elaborando su realización con el acompañamiento de maestros y grupos de estudiantes en diversas instituciones educativas y lugares públicos.14aGalilei, Galileo,d1564-1642xPensamiento científico aExperimentos de fisica aArquimedes aFaraday, Michael, 1791-1867 7aArte y ciencia2lemb aPascal, Blaise, 1623-1662 - Pensamiento científico 7aFísicaxEnseñanza2lemb10aMonsalve Gómez, Miguel4thseths